La psicología.

Zapisane w:
Opis bibliograficzny
1. autor: Statt, David A. (autor)
Kolejni autorzy: Gómez Romero, José. tr (autor) tr, (autor)
Format: Książka
Język:hiszpański
Hasła przedmiotowe:
Etykiety: Dodaj etykietę
Nie ma etykietki, Dołącz pierwszą etykiete!

MARC

LEADER 00000nam^a2200000^u^4500
001 000513959
005 20250521000000.0
008 100809s1000^^^^^^^^^^^^r^^^^^000^0^spa^d
009 20260310130242.579
022 |a 9686034030 
035 |a FCE 000058171 
037 |a Acervo ITESO - Biblioteca 
041 |a spa 
082 0 4 |a 150  |b STAp 
100 |a Statt, David A.  |e (autor) 
245 1 0 |a La psicología. 
264 |a México:  |b Harla,  |c 1980. 
300 |a 247 p. 
336 |a texto  |b txt  |2 rdacontenido 
337 |a sin mediación  |b n  |2 rdamedio 
338 |a volumen  |b nc  |2 rdasoporte 
649 |a XX 
650 |a Psicología Cognitiva 
650 |a Psicología 
650 |a Comportamiento 
650 |a Personalidad 
650 |a Estudio y enseñanza 
650 |a Ciencias de la conducta 
650 |a Conducta humana 
700 |a Gómez Romero, José.  |e tr  |e (autor) 
910 |a Fondo Centro de Estudios Educativos 
920 |a Impresos - Libros 
930 |a Fondos Especiales 
905 |a 133 
901 |a ALE068620  |b IT2  |c CEE  |u 20250521 
902 |a https://opac.biblio.iteso.mx/vufind/Record/000513959